00234nam a2200097Ia 4500100001800000654001300018245003700031260004800068300000800116546001200124 aWhite/Harvey  aCollege  aIntroduction to College Physics bD''Van Nostrand- Reinhold CoaNewyorkc1968 a791 aENGLISH